Prince caspian (Record no. 11402)
[ view plain ]
| 000 -LEADER | |
|---|---|
| fixed length control field | 00676nam a22002297a 4500 |
| 003 - CONTROL NUMBER IDENTIFIER | |
| control field | PILC |
| 005 - DATE AND TIME OF LATEST TRANSACTION | |
| control field | 20160115103523.0 |
| 008 - FIXED-LENGTH DATA ELEMENTS--GENERAL INFORMATION | |
| fixed length control field | 121115t xxu||||| |||| 00| 0 eng d |
| 020 ## - INTERNATIONAL STANDARD BOOK NUMBER | |
| International Standard Book Number | 0020442408 |
| 050 ## - LIBRARY OF CONGRESS CALL NUMBER | |
| Classification number | PZ 8 |
| Item number | .L585pr 195 (bk.2) |
| 082 ## - DEWEY DECIMAL CLASSIFICATION NUMBER | |
| Classification number | FIC |
| Item number | L58p 1951 |
| 100 ## - MAIN ENTRY--PERSONAL NAME | |
| Personal name | Lewis, C. S. |
| 9 (RLIN) | 6322 |
| 245 ## - TITLE STATEMENT | |
| Title | Prince caspian |
| Statement of responsibility, etc | By C.S. Lewis |
| 260 ## - PUBLICATION, DISTRIBUTION, ETC. (IMPRINT) | |
| Place of publication, distribution, etc | New York |
| Name of publisher, distributor, etc | Mcmillan Publishing Company |
| Date of publication, distribution, etc | c1951 |
| 300 ## - PHYSICAL DESCRIPTION | |
| Size of unit | 18 cm. |
| Extent | 216 p. : |
| 440 ## - SERIES STATEMENT/ADDED ENTRY--TITLE | |
| Title | Book 2 in the chronicles of narnia |
| 562 ## - COPY AND VERSION IDENTIFICATION NOTE | |
| Number of copies | 2 |
| 650 ## - SUBJECT ADDED ENTRY--TOPICAL TERM | |
| Topical term or geographic name as entry element | Narnia (Imaginary place) |
| General subdivision | Juvenile fiction. |
| 9 (RLIN) | 20135 |
| 650 ## - SUBJECT ADDED ENTRY--TOPICAL TERM | |
| Topical term or geographic name as entry element | Fantasy fiction |
| General subdivision | Juvenile fiction. |
| 9 (RLIN) | 20136 |
| 942 ## - ADDED ENTRY ELEMENTS (KOHA) | |
| Source of classification or shelving scheme | Library of Congress Classification |
| Koha item type | Books |
| Withdrawn status | Lost status | Source of classification or shelving scheme | Damaged status | Home library | Current library | Shelving location | Date acquired | Total Checkouts | Full call number | Barcode | Date last seen | Copy number | Price effective from | Koha item type |
|---|---|---|---|---|---|---|---|---|---|---|---|---|---|---|
| Library of Congress Classification | Luxembourg Library | Luxembourg Library | Fiction Section | 09/16/2013 | PZ 8 .L585pr 1951 | 10469 | 09/16/2013 | 1 | 09/16/2013 | Books | ||||
| Library of Congress Classification | Luxembourg Library | Luxembourg Library | Fiction Section | 09/16/2013 | PZ 8 .L585pr 1951 | 10478 | 09/16/2013 | 2 | 10/03/2013 | Books |